MDQL
is popping MORE tags! Check the
thread
!
Quizzes
Events
Quiz Creation
Community
Videos
Private Events
Remove Ads
Sign In
Join for FREE
Feedback
Dark Mode
Quiz Categories
Sports
Geography
Music
Movies
Television
Just For Fun
Miscellaneous
History
Literature
Language
Science
Gaming
Entertainment
Religion
Holiday
For Kids
Quiz Lab
Recent
Popular Today
Quiz Kudos Today
Editor Picks
Curator Picks
Quizzes by...
Day
Popularity
Type
Ratings
Length
Year
Community
Subscriptions
Recent Discussions
Orange Saloon
Badges
Playlists
Quests
Create
Leaderboards
Showdown
Live 5
Trivia Bingo
Activity
Puzzle Library
Sporcle Events
Private Events
Virtual Trivia
Globe League
Become a Host
Pub Owners
SporcleCon
Opinionation
Our Games
Videos
Blog
Mobile Apps
Partnerships
Remove Ads and Go Orange
Feedback
Sports
Athletes
MLB
NBA
NHL
NFL
Soccer
Sports Teams
WWE
NCAA
Football
Premier League
Basketball
Baseball
Hockey
Golf
Tennis
Cricket
Rugby
Auto Racing
Olympics
World Cup
Sports
Athletes
MLB
NBA
NHL
NFL
Soccer
Sports Teams
WWE
NCAA
Football
Premier League
Basketball
Baseball
Hockey
Golf
Tennis
Cricket
Rugby
Auto Racing
Olympics
World Cup
Random Quiz
Search Sporcle
×
Quiz Lab
Quiz Lab
Sports
Transfer
Type in answers that appear in a list
Type in answers that appear in a list
Classic
Best Score? Go Orange.
2019 Bundesliga Summer Signings Stats
Can you name the 2019 Bundesliga Summer Signings?
By
ntassoni27
5m
30 Questions
39 Plays
39 Plays
39 Plays
Comments
Comments
Give Quiz Kudos
Give Quiz Kudos
-
- Ratings
hide this ad
Replay
Link that replays current quiz
Next Quiz
Link to next quiz in quiz playlist
You Got
0%
They Got
Avg Score
62%
Avg Friend Score
Upgrade to see
Score Distribution
Jump to the score distribution portion of the page
Score
0/30
Timer
05:00
0
Plays Today
Transfer
Player
% Correct
Atletico Madrid to Bayern Munich
Lucas Hernandez
97.4%
VfB Stuttgart to Bayern Munich
Benjamin Pavard
97.4%
Bayern Munich to Borussia Dortmund
Mats Hummels
94.9%
Borussia Monchengladbach to Borussia Dortmund
Thorgan Hazard
94.9%
Bayer Leverkusen to Borussia Dortmund
Julian Brandt
94.9%
TSG Hoffenheim to Borussia Dortmund
Nico Schulz
92.3%
FC Barcelona to Borussia Dortmund
Paco Alcacer
89.7%
TSG Hoffenheim to Bayer Leverkusen
Kerem Demirbay
84.6%
FC Barcelona to Bayern Munich
Philippe Coutinho
84.6%
Everton to RB Leipzig
Ademola Lookman
74.4%
Watford to Hertha BSC
Dodi Lukebakio
69.2%
Guingamp to Borussia Monchengladbach
Marcus Thuram
66.7%
Paris SG to Bayer Leverkusen
Moussa Diaby
64.1%
Paris SG to RB Leipzig
Christopher Nkunku
64.1%
Borussia Monchengladbach to Bayern Munich
Michael Cuisance
64.1%
Transfer
Player
% Correct
FC Augsburg to Eintracht Frankfurt
Martin Hinteregger
59%
RB Salzburg to VfL Wolfsburg
Xaver Schlager
56.4%
FC Schalke 04 to Borussia Monchengladbach
Breel Embolo
56.4%
FC Copenhagen to TSG Hoffenheim
Robert Skov
53.8%
TSG Hoffenheim to Bayer Leverkusen
Nadiem Amiri
53.8%
VfB Stuttgart to FC Schalke 04
Ozan Kabak
51.3%
RB Salzburg to Borussia Monchengladbach
Stefan Lainer
51.3%
Hannover 96 to TSG Hoffenheim
Ihlas Bebou
48.7%
BSC Young Boys to VfL Wolfsburg
Kevin Mbabu
46.2%
BSC Young Boys to Eintracht Frankfurt
Djibril Sow
38.5%
West Ham to FSV Mainz 05
Edimilson Fernandes
35.9%
RB Salzburg to RB Leipzig
Hannes Wolf
30.8%
RB Salzburg to TSG Hoffenheim
Diadie Samassekou
25.6%
Feyenoord to FSV Mainz 05
Jeremiah St. Juste
23.1%
Stade Rennais to Borussia Monchengladbach
Ramy Bensebaini
15.4%
Quiz Playlist
Details
Report
Send in Message
Add To Playlist
Classic:
Type in answers that appear in a list
Last Updated: Sep 9, 2019
Quiz Scoreboard
CHALLENGE
Sign Up to Join the Scoreboard
Show All
Scores
Hide
Comments
May contain spoilers
Recently Published
1-10 Letter E Words III
by El_Dandy
Language
2m
Street Fighter Characters
by Artimus82
Gaming
60s
College Basketball Coaching Resumes
by pancakes188
Sports
9m
More to Explore
Quiz From the Vault
Featured Blog Post
Where Did the Easter Bunny Come From?
hide this ad
You Might Also Like...
Tags
2019
bundesliga
cost
Player
Signing
Summer
Transfer
Today's Top Quizzes in Sports
Browse Sports
hide this ad
Today's Top Quizzes in Transfer
Browse Transfer
Top Contributed Quizzes in Sports
1
2022 World Cup Stars
2
Les meilleurs buteurs des matchs entre le PSG et l’OM
3
FIFA Club World Cup Champions
4
Les entraîneurs de l'OM et du PSG au 21e siècle
5
Criteria MLB: Left Handed Sluggers
6
2023 MLB Unique Player Accomplishments
7
AFC Teams Reveal (Wrong Answers Minefield)
8
Players with Multiple 50 Home Run Seasons
9
5-to-1: FBS Animal Nicknames
10
5-to-1: UK Sports Teams
Explore More
Trending Topics
Kpop
NBA
Marvel
Crossword
Anime
Harry Potter
Disney
Song
The Office
Country
Soccer
WWE
NFL
Pokémon
Puzzle
hide this ad
More By:
ntassoni27
Quiz
Plays
Rating
Category
Featured
Created
Can You Correctly Choose the PSG Players?
150
Sports
Feb 21, 2019
2019 Premier League Summer Signings
128
5.00
Sports
Aug 15, 2019
Word Ladder: Soccer Stars
116
1.00
Just For Fun
Nov 28, 2017
Can You Correctly Choose the Manchester United Players?
88
Sports
Feb 25, 2019
Can You Correctly Choose the Real Madrid Players?
81
Sports
Feb 23, 2019
Go to Creator's Profile
Score Distribution
Quiz Creator Spotlight
ntassoni27
Follow
Send a Message
Quizzes Created
-
Created Quiz Play Count
-
More By This Creator
Popular Quizzes Today
1
Find the US States - No Outlines Minefield
2
Find the Countries of Europe - No Outlines Minefield
3
The Countries of the World
4
Find the US States
5
Risky Map Clicking: Biggest States A-Z
6
US States
7
Popular People in 1961
8
Movies - When Are They Set?
More Sports Quizzes
7 to 1: NCAA Div. I Team Nicknames
Published
Trending Quizzes
Risky Map Clicking: Least Populous States A-Z
Billboard Blitz: Aretha Franklin
Famous Russians: Author or Composer?
1-10 Letter G Words
Countries of the World: 200 Million BC
Recently Updated
Leaping Animals
pecheneg
Reality TV Shows (A-Z)
bhenderson79
Rickey Henderson's Hall of Fame Teammates
pecheneg
Champions League XIs: Arsenal
pecheneg
Quick Pick: Celebrities in WWE's Hall of Fame
aduchscher
A-Z Keypad Blitz II
pecheneg
Multiple Oscar Actors
pecheneg
Mystery Phrase Blitz: Oscar 'Best Actors'
pecheneg
F. Scott Fitzgerald Novels
LTH
Pick 3 Villains
ddd62291
Trending Topics
Disney
Crossword
NBA
Anime
Harry Potter
Kpop
Marvel
Soccer
Puzzle
WWE
NFL
Country
Pokémon
The Office
Song
Your Account Isn't Verified!
In order to create a playlist on Sporcle, you need to verify the email address you used during registration. Go to your
Sporcle Settings
to finish the process.
Report this User
Report this user for behavior that violates our
Community Guidelines
.
Details:
Send Report
Go to the Sporcle.com Mobile Site →
Comments